Gerard Ter Borch (Record no. 5176)
[ view plain ]
| 000 -CABECERA | |
|---|---|
| campo de control de longitud fija | 00779nam a2200265 a 4500 |
| 001 - NÚMERO DE CONTROL | |
| campo de control | BRCA_5482 |
| 005 - FECHA Y HORA DE LA ÚLTIMA TRANSACCIÓN | |
| campo de control | 20190320205111.0 |
| 008 - DATOS DE LONGITUD FIJA--INFORMACIÓN GENERAL | |
| campo de control de longitud fija | 010211s1944----au-a######---#000-0#ger-# |
| 041 ## - CÓDIGO DE LENGUA | |
| Código de lengua del texto/banda sonora o título independiente | ger |
| 044 ## - CÓDIGO DEL PAÍS DE LA ENTIDAD EDITORA/PRODUCTORA | |
| Código MARC del país | au |
| 050 #4 - SIGNATURA TOPOGRÁFICA DE LA BIBLIOTECA DEL CONGRESO | |
| Número de clasificación | ND653.B6 |
| Número de documento/Ítem | .P54 1 |
| -- | 1944 |
| 100 1# - ENTRADA PRINCIPAL--NOMBRE DE PERSONA | |
| Nombre de persona | Plietzsch, Eduard |
| 9 (RLIN) | 14016 |
| 245 10 - MENCIÓN DE TÍTULO | |
| Título | Gerard Ter Borch |
| Mención de responsabilidad, etc. | Eduard Plietzsch. |
| 260 ## - PUBLICACIÓN, DISTRIBUCIÓN, ETC. | |
| Lugar de publicación, distribución, etc. | Viena, Austria |
| Nombre del editor, distribuidor, etc. | Anton Schroll |
| Fecha de publicación, distribución, etc. | 1944 |
| 300 ## - DESCRIPCIÓN FÍSICA | |
| Extensión | 56 p. |
| Otras características físicas | il. (algunas a color), 112 láminas |
| Dimensiones | 25 cm. |
| 440 #0 - MENCIÓN DE SERIE/PUNTO DE ACCESO ADICIONAL--TÍTULO | |
| Título | Sammlung Schroll |
| 9 (RLIN) | 13824 |
| 500 ## - NOTA GENERAL | |
| Nota general | Incluye catálogo de obras |
| 500 ## - NOTA GENERAL | |
| Nota general | Estado físico: Camisa deteriorada |
| 500 ## - NOTA GENERAL | |
| Nota general | Ejemplar igual a E150a |
| 500 ## - NOTA GENERAL | |
| Nota general | E130 |
| 600 14 - PUNTO DE ACCESO ADICIONAL DE MATERIA--NOMBRE DE PERSONA | |
| Nombre de persona | Borch, Gerard Ter |
| Fechas asociadas al nombre | 1608-1681 |
| 9 (RLIN) | 14017 |
| 650 14 - PUNTO DE ACCESO ADICIONAL DE MATERIA--TÉRMINO DE MATERIA | |
| Término de materia o nombre geográfico como elemento de entrada | Pintores holandeses |
| 9 (RLIN) | 14018 |
| 902 ## - CATALOGADOR | |
| Iniciales | GFM |
| 942 ## - ELEMENTOS DE PUNTO DE ACCESO ADICIONAL (KOHA) | |
| Fuente del sistema de clasificación o colocación | Library of Congress Classification |
| Tipo de ítem Koha | Libros |
| Estado de retiro | Estado de pérdida | Estado dañado | No para préstamo | Localización permanente | Ubicación/localización actual | Fecha de adquisición | Número de inventario | Total de préstamos | Signatura topográfica completa | Código de barras | Fecha visto por última vez | Precio válido a partir de | Tipo de ítem Koha |
|---|---|---|---|---|---|---|---|---|---|---|---|---|---|
| El ejemplar forma parte de la colección y puede ser consultado según las políticas vigentes. | Biblioteca del Museo Franz Mayer (Rogerio Casas-Alatriste) | Biblioteca del Museo Franz Mayer (Rogerio Casas-Alatriste) | 01/02/2011 | E130 | ND653.B6 .P54 1 1944 (E130) | 5917 | 22/03/2019 | 22/03/2019 | Libros | ||||
| El ejemplar forma parte de la colección y puede ser consultado según las políticas vigentes. | Biblioteca del Museo Franz Mayer (Rogerio Casas-Alatriste) | Biblioteca del Museo Franz Mayer (Rogerio Casas-Alatriste) | 01/02/2011 | E130 | ND653.B6 .P54 1 1944 (E130) | 5918 | 22/03/2019 | 22/03/2019 | Libros |